000 00719nam0a22002651 4500
001 RU\NLR\INFOCOMM18\ROSSICA\1000006527
005 20250613191442.0
035 _a(NLR Aleph) 009933978
090 _a10731762
_c10731762
100 _a20030527d1854 |||y0rusy50 ca
101 0 _afre
102 _aRU
105 _ay ||||000ay
200 1 _aLa société des concert fondée par M. le général Alexis Lvoff
_fW. Lenz
210 _aSt.Petersburg
_d1854
215 _d
600 1 _aLvoff
_bA.
_gAlexis
_cgénéral
_2PSBO
700 1 _aLenz
_bW.
_4070
801 1 _aRU
_bInfoComm
_c20030527
801 0 _aRU
_bNLR
_gPSBO
852 _aNLR
_j13.6.2.351
942 _cBOOK
980 _aNB
980 _aRossica